<?xml version="1.0" encoding="UTF-8"?><?xml-stylesheet type="text/xsl" href="static/style.xsl"?><OAI-PMH xmlns="http://www.openarchives.org/OAI/2.0/" xmlns:xsi="http://www.w3.org/2001/XMLSchema-instance" xsi:schemaLocation="http://www.openarchives.org/OAI/2.0/ http://www.openarchives.org/OAI/2.0/OAI-PMH.xsd"><responseDate>2026-04-13T02:43:08Z</responseDate><request verb="GetRecord" identifier="oai:www.recercat.cat:11351/12239" metadataPrefix="marc">https://recercat.cat/oai/request</request><GetRecord><record><header><identifier>oai:recercat.cat:11351/12239</identifier><datestamp>2025-10-24T10:31:36Z</datestamp><setSpec>com_2072_378070</setSpec><setSpec>com_2072_378040</setSpec><setSpec>col_2072_378092</setSpec></header><metadata><record xmlns="http://www.loc.gov/MARC21/slim" xmlns:dcterms="http://purl.org/dc/terms/" xmlns:xsi="http://www.w3.org/2001/XMLSchema-instance" xmlns:doc="http://www.lyncode.com/xoai" xsi:schemaLocation="http://www.loc.gov/MARC21/slim http://www.loc.gov/standards/marcxml/schema/MARC21slim.xsd">
   <leader>00925njm 22002777a 4500</leader>
   <datafield ind2=" " ind1=" " tag="042">
      <subfield code="a">dc</subfield>
   </datafield>
   <datafield ind2=" " ind1=" " tag="720">
      <subfield code="a">Alcázar, Roberto</subfield>
      <subfield code="e">author</subfield>
   </datafield>
   <datafield ind2=" " ind1=" " tag="720">
      <subfield code="a">Arribas Cobo, Patricia</subfield>
      <subfield code="e">author</subfield>
   </datafield>
   <datafield ind2=" " ind1=" " tag="720">
      <subfield code="a">Artola Menéndez, Sara</subfield>
      <subfield code="e">author</subfield>
   </datafield>
   <datafield ind2=" " ind1=" " tag="720">
      <subfield code="a">Cinza-Sanjurjo, Sergio</subfield>
      <subfield code="e">author</subfield>
   </datafield>
   <datafield ind2=" " ind1=" " tag="720">
      <subfield code="a">Gorriz, Jose Luis</subfield>
      <subfield code="e">author</subfield>
   </datafield>
   <datafield ind2=" " ind1=" " tag="720">
      <subfield code="a">De la Espriella, Rafael</subfield>
      <subfield code="e">author</subfield>
   </datafield>
   <datafield ind2=" " ind1=" " tag="720">
      <subfield code="a">Soler, María José</subfield>
      <subfield code="e">author</subfield>
   </datafield>
   <datafield ind2=" " ind1=" " tag="260">
      <subfield code="c">2024-11-20T08:40:29Z</subfield>
   </datafield>
   <datafield ind2=" " ind1=" " tag="260">
      <subfield code="c">2024-11-20T08:40:29Z</subfield>
   </datafield>
   <datafield ind2=" " ind1=" " tag="260">
      <subfield code="c">2024-09</subfield>
   </datafield>
   <datafield ind2=" " ind1=" " tag="520">
      <subfield code="a">Chronic kidney disease; Management; Consensus</subfield>
   </datafield>
   <datafield ind2=" " ind1=" " tag="520">
      <subfield code="a">Enfermedad renal crónica; Gestión; Consenso</subfield>
   </datafield>
   <datafield ind2=" " ind1=" " tag="520">
      <subfield code="a">Malaltia renal crònica; Gestió; Consens</subfield>
   </datafield>
   <datafield ind2=" " ind1=" " tag="520">
      <subfield code="a">Background and purpose&#xd;
Chronic kidney disease (CKD) is associated with high morbidity, burden, and resource utilization, and represents a major challenge for healthcare systems. The purpose of this study was to analyse the care patterns for these patients and to reach a consensus on the key factors that should be implemented for an optimal care model in CKD, through a multidisciplinary and integrative vision.&#xd;
Materials and methods&#xd;
A multidisciplinary panel of professionals with experience in the field of CKD was formed, composed of an advisory committee of 15 experts and an additional panel of 44 experts. Challenges and areas for improvement across the continuum of care were identified through review of scientific evidence and individual interviews with the advisory committee. Key factors for an optimal model of care in CKD were agreed and assessed using the Rand/UCLA consensus methodology (adapted Delphi), evaluating their appropriateness and necessity.&#xd;
Results&#xd;
38 key factors were identified for an optimal CKD patient care model, organised into four challenges: (1) Development of CKD management models and increased visibility of the disease, (2) Prevention, optimisation of screening, early diagnosis and registration of CKD at all levels of care, (3) Comprehensive, multidisciplinary and coordinated monitoring, ensuring therapeutic optimisation and continuity of care, and (4) Reinforcement of CKD training for health care professionals and patients. 35 key factors were assessed by the panel as adequate and clearly necessary, and of these, 14 were considered highly imperative.&#xd;
Conclusions&#xd;
There is consensus on the need to prioritise CKD care at both institutional and societal levels, moving towards optimal models of CKD care based on prevention and early detection of the disease, as well as comprehensive and coordinated patient monitoring and training and awareness-raising at all levels. The key factors identified constitute a roadmap that can be implemented in the different Autonomous Communities and contribute to a significant improvement in the patient’s care.</subfield>
   </datafield>
   <datafield ind2=" " ind1=" " tag="520">
      <subfield code="a">Antecedentes y objetivo&#xd;
La enfermedad renal crónica (ERC) se asocia a una elevada morbilidad, carga y consumo de recursos, y constituye un importante desafío para los sistemas sanitarios. El objetivo de este trabajo fue analizar los modelos asistenciales de atención a estos pacientes y consensuar los factores clave que deben implementarse para un modelo óptimo de atención en la ERC, a través de una visión multidisciplinar e integradora.&#xd;
Materiales y métodos&#xd;
Se conformó un panel multidisciplinar de profesionales con experiencia en el ámbito de la ERC, integrado por un comité asesor de 15 expertos y un panel adicional de 44 expertos. Se identificaron los retos y las áreas de mejora a lo largo de todo el proceso asistencial, a través de la revisión de la evidencia científica y entrevistas individuales al comité asesor. Se consensuaron los factores clave para un modelo óptimo de atención en la ERC, que fueron valorados utilizando la metodología de consenso Rand/UCLA (Delphi adaptado), valorando su adecuación y necesidad.&#xd;
Resultados&#xd;
Se identificaron 38 factores clave para un modelo óptimo de atención al paciente con ERC, estructurados en cuatro retos: (1) Desarrollo de modelos de gestión de la ERC y aumento de la visibilidad de la enfermedad, (2) Prevención, optimización del cribado, diagnóstico precoz y registro de la ERC en todos los niveles asistenciales, (3) Seguimiento integral, multidisciplinar y coordinado, asegurando la optimización terapéutica y la continuidad asistencial, y (4) Refuerzo de la formación en ERC a los profesionales sanitarios y pacientes. 35 factores clave fueron valorados por el panel como adecuados y claramente necesarios, y de estos, 14 fueron considerados altamente prioritarios.&#xd;
Conclusiones&#xd;
Existe consenso sobre la necesidad de priorizar la atención de la ERC tanto a nivel institucional como social, avanzando hacia modelos óptimos de atención en ERC basados en la prevención y detección precoz de la enfermedad, así como en el seguimiento integral y coordinado de los pacientes y la formación y concienciación a todos los niveles. Los factores clave identificados constituyen una hoja de ruta implantable en las distintas Comunidades Autónomas que puede contribuir a una mejora significativa en la atención a estos pacientes.</subfield>
   </datafield>
   <datafield ind2=" " ind1=" " tag="520">
      <subfield code="a">This Delphi intERCede project has been coordinated by Ascendo Sanidad&amp;Farma, with the support and funding of Boehringer Ingelheim (BI) Spain.</subfield>
   </datafield>
   <datafield ind1="8" ind2=" " tag="024">
      <subfield code="a">http://hdl.handle.net/11351/12239</subfield>
   </datafield>
   <datafield tag="653" ind2=" " ind1=" ">
      <subfield code="a">Decisió de grup</subfield>
   </datafield>
   <datafield tag="653" ind2=" " ind1=" ">
      <subfield code="a">Insuficiència renal crònica - Tractament</subfield>
   </datafield>
   <datafield tag="653" ind2=" " ind1=" ">
      <subfield code="a">INFORMATION SCIENCE::Information Science::Systems Analysis::Delphi Technique</subfield>
   </datafield>
   <datafield tag="653" ind2=" " ind1=" ">
      <subfield code="a">DISEASES::Male Urogenital Diseases::Urologic Diseases::Kidney Diseases::Renal Insufficiency::Renal Insufficiency, Chronic</subfield>
   </datafield>
   <datafield tag="653" ind2=" " ind1=" ">
      <subfield code="a">Other subheadings::Other subheadings::/therapy</subfield>
   </datafield>
   <datafield tag="653" ind2=" " ind1=" ">
      <subfield code="a">PSYCHIATRY AND PSYCHOLOGY::Behavior and Behavior Mechanisms::Psychology, Social::Group Processes::Consensus</subfield>
   </datafield>
   <datafield tag="653" ind2=" " ind1=" ">
      <subfield code="a">CIENCIA DE LA INFORMACIÓN::Ciencias de la información::análisis de sistemas::técnica Delfos</subfield>
   </datafield>
   <datafield tag="653" ind2=" " ind1=" ">
      <subfield code="a">ENFERMEDADES::enfermedades urogenitales masculinas::enfermedades urológicas::enfermedades renales::insuficiencia renal::insuficiencia renal crónica</subfield>
   </datafield>
   <datafield tag="653" ind2=" " ind1=" ">
      <subfield code="a">Otros calificadores::Otros calificadores::/terapia</subfield>
   </datafield>
   <datafield tag="653" ind2=" " ind1=" ">
      <subfield code="a">PSIQUIATRÍA Y PSICOLOGÍA::conducta y mecanismos de la conducta::psicología social::procesos de grupo::consenso</subfield>
   </datafield>
   <datafield ind2="0" ind1="0" tag="245">
      <subfield code="a">Multidisciplinary Delphi consensus on challenges and key factors for an optimal care model in chronic kidney disease</subfield>
   </datafield>
   <datafield ind2="0" ind1="0" tag="245">
      <subfield code="a">Consenso Delphi multidisciplinar sobre retos y factores clave para un modelo óptimo de atención en enfermedad renal crónica</subfield>
   </datafield>
</record></metadata></record></GetRecord></OAI-PMH>